Online Public Access Catalog -OPAC

Stable isotopes: applications in pharmacology, toxicology and clinical research: international symposium: London: 3-4 January, 1977. (Record no. 2108)

MARC details
000 -LEADER
fixed length control field 00696nam a2200121Ia 4500
008 - FIXED-LENGTH DATA ELEMENTS--GENERAL INFORMATION
fixed length control field 180412s9999||||xx |||||||||||||| ||und||
020 ## - INTERNATIONAL STANDARD BOOK NUMBER
International Standard Book Number 333217470
040 ## - CATALOGING SOURCE
Original cataloging agency Ahmadu Bello University Library - Zaria
100 ## - MAIN ENTRY--PERSONAL NAME
Personal name BAILLIE, T. A.
245 #0 - TITLE STATEMENT
Title Stable isotopes: applications in pharmacology, toxicology and clinical research: international symposium: London: 3-4 January, 1977.
Statement of responsibility, etc. T. A. Baillie (Ed.)
260 ## - PUBLICATION, DISTRIBUTION, ETC.
Place of publication, distribution, etc. London.
Name of publisher, distributor, etc. Macmillan
Date of publication, distribution, etc. 1978
300 ## - PHYSICAL DESCRIPTION
Extent xiii, 314p.: ill.,
600 ## - SUBJECT ADDED ENTRY--PERSONAL NAME
Personal name Congresses, conferences, conventions, symposia.;Effects of isotopes due to their physical properties.;Isotopes in medicine, toxicology, physiology, biochemistry, biology, etc.;Natural science;Radiology and Atomic Energy;Radioactive isotopes.

No items available.

Customized by ICT Technical Service Unit on 29th Dec 2022

Kashim Ibrahim Library